Sharada G Bangerara maukhika sahitya (Record no. 211852)

MARC details
000 -LEADER
fixed length control field 01725nam a2200253Ia 4500
003 - CONTROL NUMBER IDENTIFIER
control field OSt
005 - DATE AND TIME OF LATEST TRANSACTION
control field 20251206095031.0
008 - FIXED-LENGTH DATA ELEMENTS--GENERAL INFORMATION
fixed length control field 210719s2013 xx 000 0 und d
020 ## - INTERNATIONAL STANDARD BOOK NUMBER
International Standard Book Number 978-81-927851-8-9
040 ## - CATALOGING SOURCE
Transcribing agency AL
041 ## - LANGUAGE CODE
Language code of text/sound track or separate title Kannada
082 ## - DEWEY DECIMAL CLASSIFICATION NUMBER
Classification number K894.1 LAKS
100 ## - MAIN ENTRY--PERSONAL NAME
Personal name LAKSHMI G PRASADA
Dates associated with a name ಲಕ್ಷ್ಮೀ ಜಿ. ಪ್ರಸಾದ್
9 (RLIN) 248077
245 ## - TITLE STATEMENT
Title Sharada G Bangerara maukhika sahitya
Remainder of title ಶಾರದಾ ಜಿ ಬಂಗೇರರ ಮೌಖಿಕ ಸಾಹಿತ್ಯ
260 ## - PUBLICATION, DISTRIBUTION, ETC.
Place of publication, distribution, etc. Bengaluru
Name of publisher, distributor, etc. Pracheta Book House
Date of publication, distribution, etc. 2013
300 ## - PHYSICAL DESCRIPTION
Extent xviii,174
Other physical details PB
365 ## - TRADE PRICE
Price amount 165
Currency code Rs
520 ## - SUMMARY, ETC.
Summary, etc. ಲೇಖಕಿ ಡಾ. ಲಕ್ಷ್ಮೀ ಜಿ. ಪ್ರಸಾದ್‌ ಅವರ ಕೃತಿ ʻಶಾರದ ಜಿ. ಬಂಗೇರರ ಮೌಖಿಕ ಸಾಹಿತ್ಯʼ. ಕರ್ನಾಟಕ ತುಳು ಸಾಹಿತ್ಯ ಅಕಾಡೆಮಿಯ ʻತುಳು ತಮ್ಮನʼ ಪ್ರಶಸ್ತಿ ಪುರಸ್ಕ್ರತೆ ಮತ್ತು ಹಿರಿಯ ಜಾನಪದ ಕಲಾವಿದೆ ಶಾರದ ಅವರು. ʻಪಾಡ್ದನಗಳ ಕಣಜʼ ಎಂದೇ ಹೆಸರು ಪಡೆದ ಇವರು ಬಾಲ್ಯದಲ್ಲೇ ಪಾಡ್ದನಗಳ ಬಗ್ಗೆ ಒಲವು ಹೊಂದಿದ್ದವರು. ಈ ಕೃತಿಯಲ್ಲಿ ಲೇಖಕರು ತುಳುನಾಡಿನ ಪಾಡ್ದನಗಳು ಮತ್ತು ಹಾಡುಗಳನ್ನು ಕನ್ನಡಿಗರಿಗೂ ಪರಿಚಯಿಸಿದ್ದಾರೆ
650 ## - SUBJECT ADDED ENTRY--TOPICAL TERM
Topical term or geographic name entry element Kannada literature
9 (RLIN) 248078
650 ## - SUBJECT ADDED ENTRY--TOPICAL TERM
Topical term or geographic name entry element Paddana
9 (RLIN) 248080
650 ## - SUBJECT ADDED ENTRY--TOPICAL TERM
Topical term or geographic name entry element Kannada Poetry
9 (RLIN) 248079
906 ## - LOCAL DATA ELEMENT F, LDF (RLIN)
a Bangerara ; G ; Ji ; maukhika ; Padana ; sahitya ; Sharada
942 ## - ADDED ENTRY ELEMENTS (KOHA)
Source of classification or shelving scheme Dewey Decimal Classification
Koha item type Book
Holdings
Withdrawn status Lost status Source of classification or shelving scheme Damaged status Not for loan Collection code Home library Current library Date acquired Source of acquisition Cost, normal purchase price Total Checkouts Full call number Barcode Date last seen Cost, replacement price Price effective from Koha item type
    Dewey Decimal Classification     Kannada St Aloysius Library St Aloysius Library 02/24/2021 General Annual | Navakarnataka Publication Pvt Ltd Mangalore 165.00   K894.1 LAKS 074666 07/19/2021 132.00 07/19/2021 Book